[Event "Mecklenburg VP LL2 West 1617"]
[Site "Mecklenburg VP"]
[Date "2016.10.16"]
[Round "1.7"]
[White "Neumann, Ralf"]
[Black "Vormelker, Christian"]
[Result "1/2-1/2"]
[WhiteElo "1552"]
[BlackElo "1524"]
[PlyCount "39"]
[EventDate "2016.10.16"]
[EventType "team-tourn"]
[EventRounds "9"]
[EventCountry "GER"]
[SourceTitle "EXT 2022"]
[Source "ChessBase"]
[SourceDate "2021.10.06"]
[SourceVersion "1"]
[SourceVersionDate "2021.10.06"]
[SourceQuality "1"]
[WhiteTeam "Mecklenburger Springer SC"]
[BlackTeam "Neukloster VfL Blau Weiss"]
[WhiteTeamCountry "GER"]
[BlackTeamCountry "GER"]

1. f4 e6 2. Nf3 d5 3. e3 c5 4. b3 Nf6 5. Bb2 Be7 6. Bb5+ Bd7 7. Qe2 a6 8. Bxd7+ Nbxd7 9. 0-0 0-0 10. a4 Qc7 11. Ne5 Rad8 12. d3 Nb8 13. Nd2 Nc6 14. Nxc6 Qxc6 15. Nf3 Nd7 16. h3 f5 17. Ne5 Qc7 18. Nxd7 Qxd7 19. Kh1 Bf6 20. Bxf6 1/2-1/2

[Event "GER-ch46 final email"]
[Site "GER email"]
[Date "2016.09.26"]
[Round "?"]
[White "Franke, Heiko"]
[Black "Vormelker, Christian"]
[Result "1/2-1/2"]
[WhiteElo "2381"]
[BlackElo "2291"]
[PlyCount "31"]
[EventDate "2016.??.??"]
[EventType "tourn (corr)"]
[EventRounds "13"]
[EventCountry "GER"]
[SourceTitle "Corr 2017"]
[Source "ChessBase"]
[SourceDate "2017.09.19"]
[SourceVersion "1"]
[SourceVersionDate "2017.09.19"]
[SourceQuality "1"]

1. c4 Nf6 2. g3 e5 3. Bg2 Bc5 4. Nc3 Nc6 5. e3 d5 6. cxd5 Nb4 7. d3 Nfxd5 8. Nxd5 Nxd5 9. Nf3 Qe7 10. 0-0 0-0 11. Nxe5 Qxe5 12. d4 Bxd4 13. exd4 Qd6 14. Re1 Be6 15. Bd2 c6 16. Qc2 1/2-1/2

[Event "GER-ch46 final email"]
[Site "GER email"]
[Date "2016.09.26"]
[Round "?"]
[White "Hoppe, Frank"]
[Black "Vormelker, Christian"]
[Result "1/2-1/2"]
[WhiteElo "2272"]
[BlackElo "2291"]
[PlyCount "109"]
[EventDate "2016.??.??"]
[EventType "tourn (corr)"]
[EventRounds "13"]
[EventCountry "GER"]
[SourceTitle "Corr 2017"]
[Source "ChessBase"]
[SourceDate "2017.09.19"]
[SourceVersion "1"]
[SourceVersionDate "2017.09.19"]
[SourceQuality "1"]

1. d4 Nf6 2. c4 e6 3. Nc3 Bb4 4. Qc2 0-0 5. Bg5 h6 6. Bh4 b6 7. e4 d6 8. f4 Bb7 9. Bd3 Nbd7 10. Nf3 Qe8 11. 0-0 Bxc3 12. bxc3 Nh5 13. Qd2 f5 14. exf5 exf5 15. d5 Nc5 16. Nd4 Qg6 17. Bc2 Ba6 18. h3 Bxc4 19. g4 Bxf1 20. Nxf5 Rxf5 21. Bxf5 Qf7 22. Rxf1 Nf6 23. Re1 Re8 24. Bxf6 gxf6 25. Rxe8+ Qxe8 26. h4 Kf8 27. c4 a6 28. Kg2 Kg7 29. h5 Qe7 30. Kf1 Kf8 31. Qb2 Kg8 32. Kf2 Kf7 33. Bg6+ Kg8 34. Bb1 Qg7 35. Kf3 Kf8 36. Qc2 Ke7 37. Qf5 Kd8 38. Bc2 Ke7 39. Qc8 f5 40. Qxf5 Qc3+ 41. Kg2 Qd2+ 42. Kf1 Qc3 43. a3 Qf3+ 44. Ke1 Qe3+ 45. Kd1 Qf3+ 46. Kd2 Qf2+ 47. Kc3 Qe3+ 48. Kb2 Qd2 49. g5 Na4+ 50. Ka2 a5 51. Qd3 Nc3+ 52. Kb2 Na4+ 53. Ka2 Nc3+ 54. Kb2 Na4+ 55. Ka2 1/2-1/2

[Event "GER-ch46 final email"]
[Site "GER email"]
[Date "2016.09.26"]
[Round "?"]
[White "Vormelker, Christian"]
[Black "Isigkeit, Hans Juergen"]
[Result "1/2-1/2"]
[WhiteElo "2291"]
[BlackElo "2390"]
[PlyCount "56"]
[EventDate "2016.??.??"]
[EventType "tourn (corr)"]
[EventRounds "13"]
[EventCountry "GER"]
[SourceTitle "Corr 2017"]
[Source "ChessBase"]
[SourceDate "2017.09.19"]
[SourceVersion "1"]
[SourceVersionDate "2017.09.19"]
[SourceQuality "1"]

1. e4 c5 2. Nf3 Nc6 3. d4 cxd4 4. Nxd4 Nf6 5. Nc3 e5 6. Ndb5 d6 7. Bg5 a6 8. Na3 b5 9. Nd5 Be7 10. Bxf6 Bxf6 11. c3 0-0 12. Nc2 Bg5 13. a4 bxa4 14. Rxa4 a5 15. Bc4 Rb8 16. b3 Kh8 17. Nce3 Ne7 18. Nxe7 Qxe7 19. Nd5 Qd8 20. 0-0 f5 21. exf5 Bxf5 22. Qe2 Be6 23. Rd1 Rc8 24. Ra2 Rc5 25. b4 axb4 26. cxb4 Rc6 27. b5 Rc5 28. Rb2 Qa5 1/2-1/2

[Event "Mecklenburg VP LL2 West 1415"]
[Site "Mecklenburg VP"]
[Date "2014.12.07"]
[Round "4.7"]
[White "Vormelker, Christian"]
[Black "Sonnenberg, Uwe"]
[Result "0-1"]
[WhiteElo "1609"]
[BlackElo "1592"]
[PlyCount "120"]
[EventDate "2014.09.21"]
[EventType "team-tourn"]
[EventRounds "9"]
[EventCountry "GER"]
[SourceTitle "EXT 2022"]
[Source "ChessBase"]
[SourceDate "2021.10.06"]
[SourceVersion "1"]
[SourceVersionDate "2021.10.06"]
[SourceQuality "1"]
[WhiteTeam "Neukloster VfL Blau Weiss"]
[BlackTeam "Neubrandenburg SG Eintracht II"]
[WhiteTeamCountry "GER"]
[BlackTeamCountry "GER"]

1. e4 e6 2. d4 d5 3. e5 c5 4. c3 Nc6 5. Nf3 cxd4 6. cxd4 Qa5+ 7. Nc3 a6 8. Bd2 Qd8 9. a3 Nge7 10. Bd3 h6 11. 0-0 Bd7 12. Re1 Nc8 13. Rc1 Be7 14. b4 b5 15. Be3 Nb6 16. Qd2 Nc4 17. Bxc4 bxc4 18. Rb1 Rb8 19. Qc2 0-0 20. Na4 Na7 21. Nc3 a5 22. bxa5 Qxa5 23. Bd2 Qa6 24. Rb2 Nb5 25. Nxb5 Rxb5 26. Rxb5 Bxb5 27. Bb4 Bxb4 28. axb4 Ra8 29. Rb1 Qa3 30. h3 Ra4 31. Rb2 g6 32. Kh2 Rxb4 33. Ra2 Qb3 34. Ne1 Qxc2 35. Rxc2 Rb1 36. Nf3 Ba4 37. Rc3 Rb3 38. Rc1 c3 39. Ne1 Bb5 40. Rc2 Bc4 41. Rc1 Ra3 42. Nc2 Ra2 43. Ne3 Rd2 44. Rxc3 Rxd4 45. Nxc4 Rxc4 46. Rd3 Re4 47. Re3 Rxe3 48. fxe3 Kg7 49. Kg3 f6 50. exf6+ Kxf6 51. Kf3 Kf5 52. g4+ Ke5 53. h4 g5 54. hxg5 hxg5 55. Kf2 d4 56. exd4+ Kxd4 57. Kf3 Kd3 58. Kf2 e5 59. Kf3 e4+ 60. Kf2 Kd2 0-1

[Event "GER-ch46 V08 email"]
[Site "GER email"]
[Date "2014.04.03"]
[Round "?"]
[White "Hablizel, Frank"]
[Black "Vormelker, Christian"]
[Result "1/2-1/2"]
[WhiteElo "2067"]
[BlackElo "2020"]
[PlyCount "43"]
[EventDate "2014.04.16"]
[EventType "tourn (corr)"]
[EventRounds "8"]
[EventCountry "GER"]
[SourceTitle "Corr 2015"]
[Source "ChessBase"]
[SourceDate "2015.07.17"]
[SourceVersion "1"]
[SourceVersionDate "2015.07.17"]
[SourceQuality "1"]

1. e4 e5 2. Nf3 Nc6 3. Bb5 a6 4. Bxc6 dxc6 5. 0-0 Bg4 6. h3 h5 7. d3 Qf6 8. Be3 Bxf3 9. Qxf3 Qxf3 10. gxf3 Bd6 11. Nd2 Ne7 12. Nc4 Ng6 13. Rfd1 0-0-0 14. Kf1 Be7 15. c3 c5 16. Rab1 b6 17. Ke2 Rhe8 18. a3 a5 19. a4 Nf4+ 20. Bxf4 exf4 21. Rd2 Kb7 22. Rg1 1/2-1/2

[Event "GER-ch46 V08 email"]
[Site "GER email"]
[Date "2014.04.03"]
[Round "?"]
[White "Vormelker, Christian"]
[Black "Kruschinski, Dirk"]
[Result "1/2-1/2"]
[WhiteElo "2020"]
[BlackElo "2192"]
[PlyCount "54"]
[EventDate "2014.04.16"]
[EventType "tourn (corr)"]
[EventRounds "8"]
[EventCountry "GER"]
[SourceTitle "Corr 2020"]
[Source "ChessBase"]
[SourceDate "2019.09.30"]
[SourceVersion "1"]
[SourceVersionDate "2019.09.30"]
[SourceQuality "1"]

1. e4 e6 2. d4 d5 3. Nc3 Nf6 4. e5 Nfd7 5. f4 c5 6. Nf3 a6 7. Be3 Nc6 8. Qd2 Be7 9. Be2 b5 10. 0-0 0-0 11. Nd1 Qb6 12. c3 a5 13. dxc5 Bxc5 14. Bxc5 Nxc5 15. Nd4 Bd7 16. Nxc6 Bxc6 17. Qd4 Rfc8 18. Ne3 Na4 19. Qxb6 Nxb6 20. Nc2 Bd7 21. a3 Nc4 22. Bxc4 bxc4 23. Rf2 Kf8 24. Nd4 Ke7 25. Re1 g6 26. g3 Rab8 27. Kg2 Rh8 1/2-1/2

[Event "GER Cup19 sf23 serv"]
[Site "GER email"]
[Date "2013.07.14"]
[Round "?"]
[White "Von Wnuck, Marek"]
[Black "Vormelker, Christian"]
[Result "0-1"]
[WhiteElo "2009"]
[BlackElo "1984"]
[PlyCount "86"]
[EventDate "2013.07.20"]
[EventType "tourn (corr)"]
[EventRounds "6"]
[EventCountry "GER"]
[SourceTitle "Corr 2015"]
[Source "ChessBase"]
[SourceDate "2015.07.17"]
[SourceVersion "1"]
[SourceVersionDate "2015.07.17"]
[SourceQuality "1"]

1. e4 e5 2. f4 exf4 3. Nf3 g5 4. h4 g4 5. Ne5 Nf6 6. d4 d6 7. Nd3 Nxe4 8. Bxf4 Bg7 9. c3 0-0 10. Nd2 Re8 11. Nxe4 Rxe4+ 12. Be2 Nc6 13. Bg5 Qe8 14. Nf2 h6 15. Bd2 Bd7 16. Kf1 Nxd4 17. cxd4 Rxd4 18. Qe1 Qe6 19. Bxg4 Qxe1+ 20. Rxe1 Bxg4 21. Be3 Be6 22. Bxd4 Bxd4 23. b3 a5 24. Re4 c5 25. Ke2 a4 26. Rxd4 cxd4 27. Rd1 axb3 28. axb3 Bxb3 29. Rxd4 d5 30. Ng4 Kg7 31. Ne3 b5 32. Nxd5 Ra4 33. Rd2 Rxh4 34. Kf3 Bxd5+ 35. Rxd5 b4 36. Rb5 Kf6 37. g4 Rh3+ 38. Kg2 Rb3 39. Kf2 Kg6 40. Ke2 f6 41. Kd2 Rb2+ 42. Kc1 Rf2 43. Rxb4 Kg5 0-1

[Event "GER Cup19 sf23 serv"]
[Site "GER email"]
[Date "2013.07.14"]
[Round "?"]
[White "Vormelker, Christian"]
[Black "Fuchs, Joerg"]
[Result "1/2-1/2"]
[WhiteElo "1984"]
[BlackElo "2098"]
[PlyCount "66"]
[EventDate "2013.07.20"]
[EventType "tourn (corr)"]
[EventRounds "6"]
[EventCountry "GER"]
[SourceTitle "Corr 2015"]
[Source "ChessBase"]
[SourceDate "2015.07.17"]
[SourceVersion "1"]
[SourceVersionDate "2015.07.17"]
[SourceQuality "1"]

1. e4 e5 2. Nf3 Nc6 3. Bb5 a6 4. Ba4 Nf6 5. 0-0 Be7 6. Re1 b5 7. Bb3 d6 8. c3 0-0 9. h3 Bb7 10. d4 Re8 11. a3 Bf8 12. Nbd2 h6 13. Bc2 Nb8 14. b3 Nbd7 15. Bb2 g6 16. a4 c6 17. Bd3 Qc7 18. Qc2 Bg7 19. Bf1 Rab8 20. axb5 axb5 21. dxe5 Nxe5 22. Nxe5 dxe5 23. b4 Bf8 24. Nb3 Bc8 25. Bc1 Be6 26. Nc5 Bxc5 27. bxc5 h5 28. c4 b4 29. Qb3 Ra8 30. Rxa8 Rxa8 31. Qxb4 Qa5 32. Qxa5 Rxa5 33. f3 Nd7 1/2-1/2

[Event "GER Cup19 sf23 serv"]
[Site "GER email"]
[Date "2013.07.14"]
[Round "?"]
[White "Vormelker, Christian"]
[Black "Gross Winter, Guenter"]
[Result "1-0"]
[WhiteElo "1984"]
[BlackElo "2091"]
[PlyCount "101"]
[EventDate "2013.07.20"]
[EventType "tourn (corr)"]
[EventRounds "6"]
[EventCountry "GER"]
[SourceTitle "Corr 2015"]
[Source "ChessBase"]
[SourceDate "2015.07.17"]
[SourceVersion "1"]
[SourceVersionDate "2015.07.17"]
[SourceQuality "1"]

1. e4 c6 2. d4 d5 3. Nc3 dxe4 4. Nxe4 Bf5 5. Ng3 Bg6 6. Nf3 Nd7 7. h4 h6 8. h5 Bh7 9. Bd3 Bxd3 10. Qxd3 e6 11. Bf4 Qa5+ 12. Bd2 Qc7 13. 0-0-0 Ngf6 14. Ne4 Nxe4 15. Qxe4 Nf6 16. Qe2 Be7 17. Kb1 Rd8 18. g4 Qb6 19. c4 a5 20. Qe5 Bd6 21. Qe1 Bb4 22. Rg1 Bxd2 23. Qxd2 Qb4 24. Qc2 Qe7 25. Qe2 Nh7 26. Ne5 0-0 27. Qe3 Qd6 28. f4 f6 29. Nf3 Rf7 30. Rge1 b5 31. Qxe6 Qxf4 32. Nh4 Nf8 33. Qe4 Qxe4+ 34. Rxe4 bxc4 35. Nf5 c5 36. Ne7+ Kh7 37. d5 Nd7 38. d6 Ne5 39. Rxe5 fxe5 40. Nc6 Rfd7 41. Nxd8 Rxd8 42. Kc2 Kg8 43. Kc3 Kf7 44. Kxc4 Ke6 45. d7 e4 46. Kxc5 e3 47. Rd3 e2 48. Re3+ Kxd7 49. Rxe2 Rg8 50. Kb5 g6 51. Rd2+ 1-0